UM Logo

Managing your personal finances / (Record no. 6868)

MARC details
000 -LEADER
fixed length control field 00557nam a2200169 4500
008 - FIXED-LENGTH DATA ELEMENTS--GENERAL INFORMATION
fixed length control field 170509b xxu||||| |||| 00| 0 eng d
020 ## - INTERNATIONAL STANDARD BOOK NUMBER
International Standard Book Number 0538600845
082 ## - DEWEY DECIMAL CLASSIFICATION NUMBER
Edition number 1990
Classification number DC 332.024
Item number R95m
100 ## - MAIN ENTRY--PERSONAL NAME
9 (RLIN) 20782
Personal name Ryan, Joan S
245 ## - TITLE STATEMENT
Title Managing your personal finances /
Statement of responsibility, etc. Joan S. Ryan
250 ## - EDITION STATEMENT
Edition statement Second Edition
260 ## - PUBLICATION, DISTRIBUTION, ETC. (IMPRINT)
Place of publication, distribution, etc. Cincinnati, Ohio :
Name of publisher, distributor, etc. South-Western Publishing Company,
Date of publication, distribution, etc. c1990.
300 ## - PHYSICAL DESCRIPTION
Extent viii, 551 pages :
Other physical details illustrations (some colored) ;
Dimensions 24 cm.
500 ## - GENERAL NOTE
General note Includes index.
650 #0 - SUBJECT ADDED ENTRY--TOPICAL TERM
9 (RLIN) 20783
Topical term or geographic name as entry element Finance, Personal
942 ## - ADDED ENTRY ELEMENTS (KOHA)
Source of classification or shelving scheme Dewey Decimal Classification
Koha item type Circulation
Holdings
Withdrawn status Lost status Source of classification or shelving scheme Damaged status Not for loan Collection code Home library Current library Date acquired Source of acquisition Total Checkouts Full call number Barcode Date last seen Copy number Price effective from Koha item type
    Dewey Decimal Classification     Circulation UM Digos College - LIC UM Digos College - LIC   Donated   DC 332.024 R95m 1990 20020 05/15/2025 1 05/09/2017 Circulation
    Dewey Decimal Classification     Circulation UM Digos College - LIC UM Digos College - LIC   Donated   DC 332.024 R95m 1990 20021 05/15/2025 2 05/09/2017 Circulation